| Поле | Название | Значение |
| |
Тип записи |
a |
| |
Библиографический уровень |
m |
| 001 |
Контрольный номер |
RU\NLR\bibl\922536 |
| 005 |
Дата корректировки |
20201206204731.1 |
| 010 |
Индекс ISBN |
__ |
| a |
ISBN |
5-94560-072-5 |
| d |
Цена |
489-93 |
| 100 |
Данные общей обработки |
__ |
| a |
Данные общей обработки |
19060329d2005 |||y0rusy0189 ca |
| 101 |
Язык документа |
__ |
| a |
Язык текста |
rus |
| 102 |
Страна публикации |
__ |
| a |
Страна публикации |
RU |
| 105 |
Кодированные данные (монография) |
__ |
| a |
Кодированные данные (монография) |
y |||||||zy |
| 200 |
Заглавие и сведения об ответственности |
1_ |
| a |
Заглавие |
Государственная публичная научно-техническая библиотека Сибирского отделения Российской академии наук (1988-2002 гг.) |
| e |
Сведения, относящиеся к заглавию |
библиогр. указ. |
| f |
Первые сведения об ответственности |
Сибир. отд-ние РАН, Гос. публ. науч.-техн. б-ка ; [сост. Мандринина Л. А., Яковлева В. Ф. ; науч. ред. Соболева Е. Б.] |
| b |
Общее обозначение материала |
Текст |
| 210 |
Выходные данные |
__ |
| a |
Место издания |
Новосибирск |
| c |
Издательство |
Ред.-изд. отд. ГПНТБ СО РАН |
| d |
Дата издания |
2005 |
| 215 |
Физическое описание |
__ |
| a |
Объем |
382 с. |
| 320 |
Библиография |
__ |
| a |
Библиография |
Библиогр. в подстроч. прим. |
| 320 |
Библиография |
__ |
| a |
Библиография |
Предм.-темат. указ.: с. 356-382 |
| 601 |
Наименование организации как предмет |
__ |
| a |
Наименование организации как предмет |
ГПНТБ СО РАН |
| 606 |
Тематические рубрики |
__ |
| a |
Основная рубрика |
Литература универсального содержания |
| 606 |
Тематические рубрики |
__ |
| a |
Основная рубрика |
Библиографические пособия |
| 606 |
Тематические рубрики |
__ |
| a |
Основная рубрика |
Библиотечное дело |
| 606 |
Тематические рубрики |
__ |
| a |
Основная рубрика |
Общие вопросы библиотечного дела |
| z |
Хронологическая подрубрика |
1988-2002 гг.; 20 в.; 21 в. нач. |
| 610 |
Ключевые слова |
__ |
| a |
Ключевые слова |
библиографическая информация; библиографическая продукция; библиографические базы; библиографические данные; библиографические записи; библиографические материалы; библиографические базы данных; библиотеки; библиотечная деятельность; обзорно-аналитическая информация; ретроспективные указатели; учебные пособия; препринты; методические материалы; авторефераты диссертаций; библиографические указатели; научные библиотеки; научно-технические библиотеки |
| 686 |
Индексы других классификаций |
__ |
| a |
Классификационный индекс |
91.9:78 |
| 686 |
Индексы других классификаций |
__ |
| a |
Классификационный индекс |
78я1 |
| 702 |
Вторичная интеллектуальная ответственность |
_1 |
| a |
Фамилия |
Мандринина |
| b |
Имя |
Л. А. |
| 4 |
Код отношения |
Составитель |
| g |
Полное личное имя |
Людмила Андреевна |
| 4 |
Код отношения |
220 |
| 702 |
Вторичная интеллектуальная ответственность |
_1 |
| a |
Фамилия |
Яковлева |
| b |
Имя |
В. Ф. |
| 4 |
Код отношения |
Составитель |
| 4 |
Код отношения |
220 |
| 702 |
Вторичная интеллектуальная ответственность |
_1 |
| a |
Фамилия |
Соболева |
| b |
Имя |
Е. Б. |
| 4 |
Код отношения |
Научный редактор |
| c |
Титул (звания) |
канд. пед. наук, библ. дело |
| f |
Даты |
1945- |
| g |
Полное личное имя |
Елена Борисовна |
| 4 |
Код отношения |
340 |
| 801 |
Источник записи |
_0 |
| a |
Страна |
RU |
| b |
Организация |
Муниципальное бюджетное учреждение культуры "Централизованная библиотечная система" г. Сургут (Центральная городская библиотека им. А. С. Пушкина) |
| c |
Дата составления |
20060329 |
| g |
Правила каталогизации |
КиК/Поспелова |
| 801 |
Источник записи |
_1 |
| a |
Страна |
RU |
| b |
Организация |
Муниципальное бюджетное учреждение культуры "Централизованная библиотечная система" г. Сургут (Центральная городская библиотека им. А. С. Пушкина) |
| c |
Дата составления |
20060329 |
| g |
Правила каталогизации |
КиК/Поспелова |
| 852 |
Данные о местонахождении |
__ |
| j |
Шифр хранения |
91.9:78 |
| i |
Авторский знак |
Г 72 |
| 901 |
Тип документа |
__ |
| t |
Тип документа |
m |
| 903 |
Характеристики (МАРС) |
__ |
| a |
Дата передачи |
20100713 |
| 969 |
Тип издания |
__ |
| a |
Тип издания |
библиографический указатель |
| 990 |
Данные о заказе (DOS) |
__ |
| j |
Количество экземпляров (DOS) |
1 |
| t |
N записи в КСУ для И/У (DOS) |
201008 |